| 000 | 00566nam a22001937a 4500 | ||
|---|---|---|---|
| 008 | 150327b xxu||||| |||| 00| 0 eng d | ||
| 020 | _a9780071789691 | ||
| 041 | 0 | _aeng | |
| 080 | _a621.3 HAN | ||
| 100 | _aHaney, Robert M. | ||
| 245 | 1 | 0 |
_aSolenoid control, testing, and servicing : _cRobert M. Haney, P.E. |
| 260 |
_aNew York: _bMcGraw Hill; _c |
||
| 300 |
_a246 f.: _bme il: _c23 cm. |
||
| 505 | _aIndex: f.239-246 | ||
| 650 | 0 | _aElektronika | |
| 650 | 0 | _aKontrolli | |
| 650 | 0 | _aServisim | |
| 942 |
_2udc _cBK |
||
| 999 |
_c567 _d567 |
||